| 000 | 00908nam a22002771i 4500 | ||
|---|---|---|---|
| 005 | 20210928114005.0 | ||
| 008 | 210708t2020 mauao||g ||| ||| 0 eng d | ||
| 020 |
_a9781635862942 _cRM 79.95 _qpaperback |
||
| 040 |
_aPPAK _beng _cPPAK _erda |
||
| 082 | 0 | 4 |
_223 _a641.5952 |
| 090 | 0 | 0 |
_a641.5952 _bBEC _dG |
| 100 | 1 |
_aBecker, Kaori, _eauthor. |
|
| 245 | 1 | 0 |
_aMOCHI MAGIC : _b50 Traditional and Modern Recipes for the Japanese Treat / _cKaori Becker |
| 264 | 1 |
_aNorth Adams, MA : _bStorey Publishing, _c2020. |
|
| 264 | 4 | _c©2020. | |
| 300 |
_a183 pages : _b color illustrations and photographs ; _c19 cm. |
||
| 336 |
_2rdacontent _atext _astill image. |
||
| 337 |
_2rdamedia _aunmediated |
||
| 338 |
_2rdacarrier _avolume |
||
| 500 | _aIncludes index. | ||
| 650 | 1 | 0 | _aCooking, Japanese. |
| 650 | 2 | 0 | _aCooking (Mochi) |
| 650 | 2 | 0 |
_aConfectionery _zJapan. |
| 650 | 2 | 0 |
_aDesserts _zJapan. |
| 942 |
_2ddc _cB |
||
| 999 |
_c184294 _d184294 |
||